000 00691nam a22002057a 4500
003 OSt
005 20251105015333.0
008 251105b |||||||| |||| 00| 0 eng d
020 _a978-1-4129-5764-9
040 _aDWCL-Admin lib
_cOC
082 _aCirc. 371.9046 N526g 2009
100 _aNevin, Ann I.
245 _aA guide to co-teaching with para-educators: practical tips for K-12 educators /
_cAnn I. Nevin
260 _aThousand Oaks,
_bCalif. : Corwin Press,
_cc2009.
300 _a xxi, 131p. : ill. ;
_c28 cm.
504 _aIncludes bibliographical references and index.
650 _a1. Inclusive education.
650 _a2. Teaching teams.
942 _2ddc
_cBK-CIRC
_kCirc.
_n0
999 _c5460
_d5460